000 00725nam a22002417a 4500
008 131119b xxu||||| |||| 00| 0 eng d
020 _a0-444-42667-1
024 _cAvailable
037 _cAvailable
040 _aMBSTU LBIRARY
_dMBSTU LBIRARY
082 _222
_a597.029 FIS
100 _aJoanne S. Stalen ----[etal]
245 _aFish Immunology.
260 _aNew York
_bElsevier Amsterdam.
_c1986
300 _a25 cm.
_b443 page
_f1
_g25 cm.
600 _2Fish- Immunology.
650 _2Fish- Immunology.
700 _aJoanne S. Stalen ---[etal]
270 _aNew York.
_bNew York.
_dUSA
365 _b9318.00
_d9318.00
942 _2ddc
_cBK
999 _c854
_d854